Премьер-министры Канады - Statistics

General Stats
  • This quiz has been taken 46 times
  • The average score is 10 of 28
Answer Stats
Срок правления Премьер-министр % Correct
2015-настоящее время Джастин Трюдо
94%
1968-1979 Пьер Трюдо
80%
1980-1984 Пьер Трюдо
80%
1867-1873 (первый срок) Джон Александр Макдональд
40%
1878-1891 (второй срок) Джон Александр Макдональд
40%
1921-1926 Макензи Кинг
40%
1926-1930 Макензи Кинг
40%
1935-1948 Макензи Кинг
40%
2006-2015 Стивен Харпер
40%
2003-2006 Пол Мартин
37%
1993-2003 Жан Кретьен
34%
1873-1878 Александр Макензи
31%
1896-1911 Уилфрид Лорье
31%
1984-1993 Брайан Малруни
31%
1993-1993 Ким Кэмпбелл
31%
1911-1920 Роберт Борден
29%
1920-1921 Артур Мейен
29%
1926-1926 Артур Мейен
29%
1957-1963 Джон Дифенбейкер
29%
1891-1892 Джон Джозеф Колдуэлл Эббот
26%
1892-1894 Джон Спэрроу Дэвид Томпсон
26%
1894-1896 Макензи Боуэлл
26%
1896-1896 Чарльз Таппер
26%
1963-1968 Лестер Пирсон
26%
1979-1980 Джо Кларк
26%
1930-1935 Ричард Беннет
23%
1948-1957 Луи Сен-Лоран
23%
1984-1984 Джон Тёрнер
23%
No matching quizzes found
Score Distribution
Percent of People with Each Score
Percentile by Number Answered
Your Score History
You have not taken this quiz